Compendio estadístico de prevención y atención de desastres 2007 (Registro nro. 12429)
[ vista simple ]
| 000 -INDICADOR | |
|---|---|
| Campo de control de longitud fija | 00744nam a2200241Ia 4500 |
| 003 - IDENTIFICADOR DE NRO. DE CONTROL | |
| Campo de control | OSt |
| 005 - FECHA Y HORA DE LA ÚLTIMA TRANSACCIÓN | |
| Campo de control | 20191211062520.0 |
| 008 - CAMPOS DE LONGITUD FIJA INFORMACIÓN GENERAL | |
| Campo de control de longitud fija | 180305s2008||||pe aaaafr|||||||0 ||spa|d |
| 040 ## - CÓDIGO DE CATALOGADOR | |
| Centro catalogador de origen | peliigp |
| Lengua de catalogación | español |
| Centro transcriptor | peliigp |
| 041 ## - CÓDIGO DE IDIOMA | |
| Código de idioma(s) de texto | spa |
| 082 04 - SISTEMA DE CLASIFICACION DECIMAL DEWEY | |
| Número de clasificación Dewey | R/353.95/I5/2008 |
| 110 2# - ASIENTO PRINCIPAL--NOMBRE CORPORATIVO | |
| Nombre corporativo o de jurisdiccion | Instituto Nacional de Defensa Civil (INDECI) |
| 9 (RLIN) | 1437 |
| 245 10 - TÍTULO PROPIAMENTE DICHO | |
| Título | Compendio estadístico de prevención y atención de desastres 2007 |
| 260 ## - PUBLICACIÓN, DISTRIBUCIÓN, ETC. (PIE DE IMPRENTA) | |
| Lugar de pubicación, distribución, etc. | Lima: |
| Nombre del editor, distribuidor | INDECI, |
| Fecha de publicación, distribución, etc. | 2010. |
| 300 ## - DESCRIPCIÓN FISICA | |
| Extensión de la obra | 615 páginas: |
| Características físicas | ilustraciones; |
| Dimensiones | 29 cm. |
| 500 ## - NOTA GENERAL | |
| Nota general | Incluye glosario de términos. |
| 650 14 - ASIENTO SECUNDARIO DE MATERIA--TÉRMINO GENERAL | |
| 9 (RLIN) | 136 |
| Termino Temático | DESASTRES NATURALES |
| 650 24 - ASIENTO SECUNDARIO DE MATERIA--TÉRMINO GENERAL | |
| 9 (RLIN) | 645 |
| Termino Temático | PREVENCIÓN DE DESASTRES |
| 650 24 - ASIENTO SECUNDARIO DE MATERIA--TÉRMINO GENERAL | |
| 9 (RLIN) | 1438 |
| Termino Temático | DATOS ESTADÍSTICOS |
| 651 #4 - ASIENTO SECUNDARIO DE MATERIA--NOMBRE GEOGRÁFICO | |
| Nombre geográfico | PERÚ |
| 910 ## - DATOS DE OPCIÓN DE USUARIO | |
| Catalogador | phc |
| 942 ## - ELEMENTOS DE ENTRADA AGREGADOS (KOHA) | |
| Tipo de item | Referencia |
| Source of classification or shelving scheme | Dewey Decimal Classification |
| Retirado | Perdido | Tipo de clasificación | Nivel de Daño | No es para préstamos | Colección | Ubicación permanente | Ubicación actual | Préstamo | Total préstamos | Signatura topográfica completa | Código de barras | Visto por última vez | Número de Ejemplar | Precio efectivo desde | Tipo de Item |
|---|---|---|---|---|---|---|---|---|---|---|---|---|---|---|---|
| Dewey Decimal Classification | Colección Referencia | Mayorazgo | Mayorazgo | 12/06/2019 | R/353.95/I5/2008 | 0000394 | 12/06/2019 | 1 | 12/06/2019 | Referencia |